000 00671nam a2200289Ia 4500
005 20260324134551.0
008 008 260324s9999 xx 000 0 eng d
020 _a9781315786131
037 _aEBOOK
040 _aCRL
040 _beng
040 _cCRL
041 _2eng
041 _aeng
084 _qCRL
100 _aEllyn Kaschak
_91195044
245 4 _aThe Next Generation
245 0 _bThird Wave Feminist Psychotherapy
260 _bTaylor and Francis
260 _c2001
365 _a
365 _b170
856 _uhttp://www.taylorfrancis.com/books/9781315786131
942 _cEBOOK
999 _c1797539
_d1797539